| 000 | 00387nam a22001457a 4500 | ||
|---|---|---|---|
| 020 | _a978-8183602167 | ||
| 041 | _aENG | ||
| 100 | _a Ansari .M.I.A | ||
| 245 | _aSolved Numerical Problems in Food process Engineering and technology | ||
| 250 | _asecond | ||
| 260 |
_aNew Delhi _bBalaji offset Printers _c2018 |
||
| 300 | _a624 | ||
| 650 | _aCompetitive Exam | ||
| 856 | _uCompetitive Exam | ||
| 999 |
_c128 _d128 |
||